Троль, вантажний літак та чарівна веселка (Запис № 17197)
[ простий вигляд ]
| 000 -Маркер запису | |
|---|---|
| Контрольне поле сталої довжини | 01485nam a22002537a 4500 |
| 003 - Належність контрольного номера | |
| Контрольне поле | Uzh_bibl |
| 008 - Кодовані дані | |
| Контрольне поле сталої довжини | 260325b |||||||| |||| 00| 0 ukr d |
| 020 ## - Індекс ISBN | |
| ISBN | 978-966-97798-6-1 |
| Ціна | 100.00 |
| 040 ## - Джерело каталогіз. | |
| Код мови каталог. | укр. |
| 041 ## - Код мови видання | |
| Код мови оригіналу | українська |
| Код мови тексту | українська |
| 080 ## - Індекс УДК | |
| Індекс УДК | 821(477) |
| 090 ## - Шифри | |
| Поличний індекс | 821(477) |
| Авторський знак | Б 90 |
| 100 ## - Автор | |
| Автор | Буділова,Галина |
| 245 ## - Назва | |
| Назва | Троль, вантажний літак та чарівна веселка |
| Відповідальність | ілюстраторка М.Іванович |
| Фізичний носій | Текст |
| 260 ## - Вихідні дані | |
| Місце видання | Полтава |
| Видавництво | ФОП Мирон І.А. |
| Дата видання | 2022 |
| 300 ## - Фізичний опис | |
| Обсяг | 40 с. |
| Ілл./тип відтвор. | іл. |
| Тип одиниці | В опр. |
| 520 ## - Анотація | |
| Анотація | Це продовження історії про пригоди хоробрих помічників Святого Миколая, які завжди вчасно доставляють подарунки маленьким мрійникам та мрійницям. Цього разу на наших героїв чекала ще важливіша місія, адже сили зла атакують наших хоробрих українських воїнів. Чи вдасться їм доставити вантаж вчасно, не зважаючи на перешкоди? |
| 521 ## - Примітка про цільове призначення | |
| Примітка про цільове призначення | Для молодшого шкільного віку |
| 546 ## - Примітка про мову | |
| Примітка про мову | укр. |
| 650 ## - Тематичні рубрики | |
| Основна рубрика | Літературно-художне видання |
| 653 ## - Ключові слова | |
| Ключові слова | Троль |
| -- | Святий Миколай |
| 655 ## - Термін індексування — жанр/форма | |
| Жанр/форма | Дитяча література |
| 942 ## - ADDED ENTRY ELEMENTS (KOHA) | |
| Джерело класифікації чи схема поличного розташування | |
| Koha item type | Книги |
| Статус вилучення | Статус втрати/відсутності | Джерело класифікації чи схема поличного розташування | Статус пошкодження | Тип обігу (не для випозичання) | Постійне розташування | Поточне розташування | Розташування у відділі | Дата надходження | Джерело надходження (постачальник) | Інвентарний номер | Повний (примірниковий) шифр зберігання | Штрих-код | Date last seen | Дата, для якої чинна ціна заміни | Тип одиниці (рівень примірника) |
|---|---|---|---|---|---|---|---|---|---|---|---|---|---|---|---|
| Бібліотека-філія № 1 для дітей | Бібліотека-філія № 1 для дітей | Абонемент молодший відділ | 23/03/2026 | ЗОБ для дітей та юнацтва | 80840 | 821(477) | 19280 | 25/03/2026 | 25/03/2026 | Книги |